El teatro español del Siglo de Oro en la Biblioteca de la Universidad Complutense (Record no. 177384)

MARC details
000 -LEADER
campo de control de longitud fija 01038nam a22002415i 4500
001 - NÚMERO DE CONTROL
campo de control 177384
003 - IDENTIFICADOR DE NÚMERO DE CONTROL
campo de control ES-MaACL
005 - FECHA Y HORA DE LA ÚLTIMA TRANSACCIÓN
campo de control 20250824030251.0
008 - DATOS DE LONGITUD FIJA--INFORMACIÓN GENERAL
campo de control de longitud fija 110321s2000 sp a |||| | spa d
080 ## - NÚMERO DE LA CLASIFICACIÓN DECIMAL UNIVERSAL
Número de la Clasificación Decimal Universal 821.134.2-2"16/17"(083.824)
080 ## - NÚMERO DE LA CLASIFICACIÓN DECIMAL UNIVERSAL
Número de la Clasificación Decimal Universal 016(083.824)
110 2# - ENTRADA PRINCIPAL--NOMBRE DE ENTIDAD CORPORATIVA
Nombre de entidad corporativa o nombre de jurisdicción como elemento de entrada Universidad Complutense de Madrid.
Unidad subordinada Biblioteca Histórica.
9 (RLIN) 142120
245 13 - MENCIÓN DEL TÍTULO
Título El teatro español del Siglo de Oro en la Biblioteca de la Universidad Complutense
Resto del título : exposición conmemorativa del Cuarto Centenario del nacimiento de Calderón : Biblioteca Histórica "Marqués de Valdecilla", Madrid, del 13 de diciembre de 2000 al 31 de enero de 2001.
260 ## - PUBLICACIÓN, DISTRIBUCIÓN, ETC.
Lugar de publicación, distribución, etc. Madrid :
Nombre del editor, distribuidor, etc. Universidad Complutense de Madrid,
Fecha de publicación, distribución, etc. D. L. 2000.
300 ## - DESCRIPCIÓN FÍSICA
Extensión 61, [2] p. :
Otras características físicas il. col. y n. ;
Dimensiones 27 cm.
500 ## - NOTA GENERAL
Nota general Índice.
504 ## - NOTA DE BIBLIOGRAFÍA, ETC.
Nota de bibliografía, etc. Bibliografía: p. 31.
650 #7 - PUNTO DE ACCESO ADICIONAL DE MATERIA--TÉRMINO DE MATERIA
Término de materia o nombre geográfico como elemento de entrada Teatro español-
Subdivisión cronológica S.XVII-XVIII-
Subdivisión de forma Exposiciones
Fuente del encabezamiento o término
9 (RLIN) 145738
655 #7 - TERMINO DE INDIZACIÓN--GENERO/FORMA
Fuente del término tgfbne
9 (RLIN) 193628
Datos o término principal de género/forma Catálogos de exposiciones
852 ## - LOCALIZACIÓN
Ubicación ES-MaACL
Número de control de estantería 2276-F-10
942 ## - ELEMENTOS DE ENTRADA SECUNDARIOS (KOHA)
Fuente del sistema de clasificación o colocación Clasificación decimal universal
Holdings
Estatus retirado Estado de pérdida Estado de daño No para préstamo Colección Biblioteca de origen Biblioteca actual Ubicación en estantería Fecha de adquisición Fuente de adquisición Total de préstamos Signatura topográfica completa Código de barras Visto por última vez Precio de reemplazo Tipo de ítem Koha
        Colección de folletos Biblioteca del Ateneo de Madrid Biblioteca del Ateneo de Madrid Depósito folletos 21/03/2011     2276-F-10 1186306 23/02/2023 23/02/2023 Folleto